01622nam a22002657a 4500999001700000003000900017008004100026040007100067082001800138100002800156245003300184260003700217300005700254505038700311650001500698650001800713650003300731942001600764945002200780952011100802952010500913952011601018952011101134952011101245  c15853d15853AR-CdUCM190430b           ||||| |||| 00| 0 spa d  aMUNICIPALIDAD PROVINCIAL DEL CUSCOcBIBLIOTECA MUNICIPAL DEL CUSCO  a985.61 /bA58  aAngles Vargas, Víctor  aHistoria del Cusco incaico /  aCusco :bVíctor Angles Vargas,  a605 paginas ;bIlustraciones, fotografías,c21 cm.  aContenido : t.1: La ciudad y el departamento del Cusco -- El nombre del Cusco -- Poblacion de la ciudad del Cusco  -- T.2: Ollantaytambo -- Templo de Wiracocha -- Plano del  templo de Wiracocha -- Plano de Pikillajta... -- t.3: El parque arqueológico de Machupijchu --Descubrimiento científico de la cuidad Prehispánica de Machupijchu -- Lo que fue y lo que es Machupijchu ...  aCusco9772  aHistoria9136  aÉpoca prehispánica92714  2ddccLIBROS  arjalld2019-04-30  002ddc4070aSHbSHcCARTd2019-04-30g50.00o985.61 / AN61 / t.3 / e.2pSH0000011086r2019-04-30yLIBROS  002ddc4070aSHbSHcCARTd2019-05-02g50.00o985.61 / AN61 / t.3pSH0000011341r2019-05-02yLIBROS  002ddc4070aSHbSHcCARTd2019-05-02g50.00o985.61 / AN61 / t.3 / e.3pSH0000011342r2019-05-02te.2yLIBROS  002ddc4070aSHbSHcCARTd2019-05-02g50.00o985.61 / AN61 / t.2 / e.3pSH0000011351r2019-05-02yLIBROS  002ddc4070aSHbSHcCARTd2019-05-06g50.00o985.61 / AN61 / t.2 / e.2pSH0000011949r2019-05-06yLIBROS